| 000 | 00498nam a22001937a 4500 | ||
|---|---|---|---|
| 003 | OSt | ||
| 005 | 20140310182334.0 | ||
| 008 | 130318t xxu||||| |||| 00| 0 eng d | ||
| 020 | _a9780545123297 | ||
| 050 |
_aPZ 7 _b.St855 2010 |
||
| 082 |
_aFIC _bSt51l 2010 |
||
| 100 |
_aStiefvater, Maggie _921514 |
||
| 245 |
_aLinger / _cMaggie Stiefvater. |
||
| 250 | _a1st ed. | ||
| 260 |
_aNew York : _bScholastic Press, _c2010. |
||
| 300 |
_a362 p. : _c22 cm. |
||
| 942 |
_2lcc _cBK-GS |
||
| 999 |
_c12038 _d12038 |
||